Lyrics - Happy (NF) - Statistiques

Statistiques générales
  • Ce quiz a été pris 17 fois
  • Le résultat moyen est 265 sur 470
Statistiques - réponses
Réponse % Correct
a
91%
happy
91%
be
82%
feel
82%
I
82%
like
82%
the
82%
The
82%
you
82%
and
73%
have
73%
I'm
73%
is
73%
me
73%
to
73%
what
73%
when
73%
give
64%
go
64%
hear
64%
if
64%
If
64%
in
64%
it
64%
it's
64%
my
64%
no
64%
should
64%
so
64%
that
64%
was
64%
who
64%
agony
55%
been
55%
by
55%
couple
55%
Dear
55%
don't
55%
Don't
55%
excuse
55%
God
55%
hello
55%
I'd
55%
I've
55%
know
55%
life
55%
living
55%
Living
55%
not
55%
of
55%
out
55%
self
55%
selfish
55%
thing
55%
true
55%
truth
55%
up
55%
watching
55%
wondering
55%
years
55%
You're
55%
acting
45%
admit
45%
adress
45%
anyone
45%
ask
45%
bet
45%
but
45%
But
45%
can't
45%
care
45%
comfortable
45%
else
45%
esteem
45%
first
45%
flames
45%
furthest
45%
got
45%
help
45%
hope
45%
how
45%
imagine
45%
issues
45%
little
45%
lonely
45%
memories
45%
more
45%
need
45%
off
45%
on
45%
open
45%
please
45%
reached
45%
said
45%
since
45%
soaking
45%
some
45%
soul
45%
that's
45%
things
45%
thinks
45%
this
45%
too
45%
truthfully
45%
why
45%
won't
45%
would
45%
yet
45%
ain't
36%
at
36%
bridges
36%
calls
36%
depressed
36%
down
36%
family
36%
from
36%
hand
36%
Hanging
36%
hold
36%
just
36%
keep
36%
left
36%
let
36%
lips
36%
long
36%
members
36%
obsessing
36%
phone
36%
proud
36%
ready
36%
rebuild
36%
stressing
36%
way
36%
what's
36%
with
36%
Yeah
36%
all
27%
around
27%
avoiding
27%
baggage
27%
bend
27%
burned
27%
connect
27%
dangerous
27%
demons
27%
feels
27%
forget
27%
future
27%
hole
27%
home
27%
hurtful
27%
last
27%
live
27%
Losing
27%
most
27%
never
27%
pick
27%
pull
27%
put
27%
really
27%
rest
27%
road
27%
slip
27%
something's
27%
strange
27%
thread's
27%
trapped
27%
traumas
27%
wish
27%
words
27%
dealt
18%
haven't
18%
headed
18%
I'll
18%
insecurities
18%
opened
18%
yes
18%
Aucun quiz correspondant
Distribution des résultats
% des personnes avec chaque résultat
Percentile par nombre de réponses
Votre historique - résultats
Vous n’avez pas pris ce quiz